Detalles MARC
| 000 -LIDER |
| fixed length control field |
00865nam a22003017a 4500 |
| 003 - IDENTIFICACDOR DE NÚMERO DE CONTROL |
| control field |
DO-SdBNP |
| 005 - DATE AND TIME OF LATEST TRANSACTION |
| control field |
20180201111013.0 |
| 007 - CAMPOS FIJOS DE DESCRIPCIÓN FÍSICA |
| fixed length control field |
001158 |
| 008 - ELEMENTOS DE LONGITUD FIJA |
| fixed length control field |
160818b 2004 sp|| 00| 0 spa d |
| 017 ## - NÚMERO DE REGISTRO DE DERECHOS DE AUTOR |
| Copyright or legal deposit number |
|
| Assigning agency |
|
| 020 ## - ISBN |
| International Standard Book Number |
9788466303880 |
| 035 ## - NÚMERO LOCAL |
| System control number |
|
| 040 ## - FUENTE DE CATALOGACIÓN |
| Agencia que crea de manera original el registro |
BPMSU |
| Idioma de catalogación |
spa |
| Agencia que realiza la transcripción |
BPMSU |
| Convenciones de la despripción |
|
| 080 ## - NÚMERO DE CLASIFICACIÓN DECIMAL UNIVERSAL |
| Universal Decimal Classification number |
|
| 082 #4 - NÚMERO DE CLASIFICACIÓN DECIMAL DE DEWEY |
| Classification number |
861.5 |
| Item number |
B398r |
| 100 1# - ASIENTO PRINCIPAL -- NOMBRE PERSONAL |
| Nombre personal |
Bécquer, Gustavo Adolfo, |
| Fechas asociadas con el nombre |
1836-1870 |
| 245 1# - MENCIÓN DE TITULO |
| Título |
Rimas y Leyendas / |
| Mención de responsabilidad |
Gustavo Adolfo Bécquer, |
| Subtítulo |
|
| 250 ## - MENCIÓN DE EDICION |
| Mención de edición |
3a ed. Anotada y comentada |
| 260 ## - PUBLICACIÓN, DISTRIBUCIÓN, ETC. (PIE DE IMPRENTA) |
| Lugar de publicación, distribución, etc |
Madrid : |
| Nombre del editor, distribuidor, etc. |
Suma de Letras, |
| Fecha de publicación, distribución, etc |
2004. |
| 300 ## - DESCRIPCIÓN FÍSICA |
| Extensión |
281 p. ; |
| Dimensiones |
18 cm. |
| 490 1# - MENCIÓN DE SERIES |
| Mención de serie |
Punto de lectura |
| Volume/sequential designation |
300/2 |
| 650 #7 - ENCABEZAMIENTO DE MATERIA--TEMÁTICO |
| Término temático o nombre geográfico como elemento de entrada |
POESÍAS ESPAÑOLA |
| Subdivisión temática general |
|
| Fuente del encabezamiento o término |
|
| 700 1# - ASIENTO SECUNDARIO -- NOMBRE PERSONAL |
| Nombre personal |
Madroñal Durán, Abraham |
| Mención de responsabilidad |
estudios y notas |
| 830 #0 - ASIENTO SECUNDARIO DE SERIE--TÍTULO UNIFORME |
| Título uniforme |
Punto de lectura |
| Número de la parte o sección de una obra |
300/2 |
| 942 ## - ADDED ENTRY ELEMENTS (KOHA) |
| Source of classification or shelving scheme |
Dewey Decimal Classification |
| Koha item type |
Libros |
| 945 ## - INFORMACIÓN DE PROCESAMIENTO LOCAL |
| Información de procesamiento local |
Inventariado, 2018 / BT |
| 956 ## - LOCAL ELECTRONIC LOCATION AND ACCESS (OCLC) |
| Nombre de host |
BTAVÁREZ |
| Número de acceso |
10 |
| Trayectoria |
20160818 |
| Nombre Electrónico |
BPMSU |
| Procesador de solicitud |
0038 |